[Event "Wch U18 Girls"]
[Site "Montesilvano"]
[Date "2023.11.18"]
[Round "6"]
[White "Soares, Sara Joana de Moura"]
[Black "Wolf, Elena"]
[Result "1-0"]
[WhiteElo "1772"]
[BlackElo "1195"]
[PlyCount "81"]
[EventDate "2023.11.13"]
[EventType "swiss"]
[EventRounds "11"]
[EventCountry "ITA"]
[SourceTitle "CB48_2023"]
[SourceDate "2023.11.29"]
[SourceVersion "1"]
[SourceVersionDate "2023.11.29"]
[SourceQuality "1"]

1. d4 d5 2. c4 e6 3. Nc3 Nf6 4. cxd5 exd5 5. Bg5 Be7 6. e3 0-0 7. Bd3 Re8 8. Qc2 h6 9. Bh4 c5 10. Nf3 Nc6 11. Be2 Bg4 12. Rd1 c4 13. 0-0 Rc8 14. Ne5 Bxe2 15. Qxe2 Bd6 16. Ng4 Be7 17. Bxf6 Bxf6 18. Nxf6+ Qxf6 19. Nxd5 Qd8 20. Qf3 b5 21. h3 Re6 22. Nc3 a6 23. Ne4 Nb4 24. a3 Nd3 25. Rd2 a5 26. Rc2 Rec6 27. Rd1 Rb6 28. Nc5 Rxc5 29. dxc5 Rf6 30. Qg4 Qc7 31. Qd4 Rc6 32. a4 Nb4 33. axb5 Rxc5 34. Rc3 Rd5 35. Qg4 Rc5 36. Rd4 Rxb5 37. Rdxc4 Qd6 38. Rd4 Qf6 39. Qe4 Re5 40. Rc8+ Re8 41. Rxe8# 1-0

[Event "AUT-ch U16/18 Girls"]
[Site "St Veit"]
[Date "2023.04.03"]
[Round "3"]
[White "Egger, Stefanie"]
[Black "Wolf, Elena"]
[Result "1-0"]
[WhiteElo "1695"]
[BlackElo "1149"]
[PlyCount "141"]
[EventDate "2023.04.02"]
[EventType "swiss"]
[EventRounds "7"]
[EventCountry "AUT"]
[SourceTitle "EXT 2024"]
[Source "ChessBase"]
[SourceDate "2023.10.10"]
[SourceVersion "1"]
[SourceVersionDate "2023.10.10"]
[SourceQuality "1"]

1. d4 d5 2. c4 e6 3. Nc3 Nf6 4. cxd5 exd5 5. Bg5 c6 6. e3 Bd6 7. Bd3 0-0 8. Qc2 h6 9. Bh4 a5 10. b3 Na6 11. a3 Nc7 12. Nge2 Ne6 13. h3 Re8 14. 0-0 Ng5 15. Bf5 Bxf5 16. Qxf5 Nfe4 17. Nxe4 dxe4 18. Bxg5 Qxg5 19. Qxg5 hxg5 20. Nc3 f5 21. a4 Re6 22. Rfd1 Bc7 23. Rac1 Rc8 24. Nb1 f4 25. Rc5 fxe3 26. fxe3 g4 27. hxg4 Rg6 28. g5 b6 29. Rf5 Rf8 30. Rdf1 Rxf5 31. Rxf5 Bg3 32. Nc3 Re6 33. Ne2 Bc7 34. g3 Re8 35. Kg2 Rf8 36. Rxf8+ Kxf8 37. Nc3 Ke7 38. Nxe4 Ke6 39. Kf3 Kf5 40. g4+ Kg6 41. Kf2 Kf7 42. Ng3 Bxg3+ 43. Kxg3 g6 44. Kf4 Ke6 45. Ke4 Kd6 46. Kd3 Kd5 47. e4+ Kd6 48. Kc4 Ke7 49. d5 Kd6 50. dxc6 Kxc6 51. e5 Kd7 52. Kd5 Kc7 53. e6 Kd8 54. Kd6 Ke8 55. e7 b5 56. axb5 a4 57. bxa4 Kf7 58. Kd7 Kg7 59. e8Q Kh7 60. Qxg6+ Kh8 61. Qg8+ Kxg8 62. b6 Kg7 63. b7 Kg6 64. b8Q Kg7 65. Qe5+ Kg6 66. Qf6+ Kh7 67. g6+ Kh6 68. g7+ Kh7 69. Qf7 Kh6 70. g5+ Kh7 71. g8Q# 1-0

[Event "AUT-ch U16 Girls"]
[Site "St Veit"]
[Date "2022.04.12"]
[Round "4"]
[White "Wolf, Elena"]
[Black "Felder, Jessica"]
[Result "1-0"]
[WhiteElo "1146"]
[BlackElo "1072"]
[PlyCount "43"]
[EventDate "2022.04.10"]
[EventType "swiss"]
[EventRounds "6"]
[EventCountry "AUT"]
[SourceTitle "EXT 2023"]
[Source "ChessBase"]
[SourceDate "2022.10.05"]
[SourceVersion "1"]
[SourceVersionDate "2022.10.05"]
[SourceQuality "1"]

1. e4 e5 2. Nf3 Nc6 3. Bb5 a6 4. Bxc6 dxc6 5. 0-0 Nf6 6. Nxe5 Nxe4 7. Re1 Qd5 8. d3 Nf6 9. Ng6+ Be6 10. Nxh8 0-0-0 11. Nc3 Qd7 12. Nxf7 Qxf7 13. Bg5 Rd4 14. Bxf6 Qxf6 15. Ne4 Qh6 16. Qd2 Qxd2 17. Nxd2 Kd7 18. Nb3 Ra4 19. c4 b5 20. Nd2 bxc4 21. dxc4 Bxc4 22. b3 1-0

[Event "AUT-ch U16 Girls"]
[Site "St Veit"]
[Date "2022.04.10"]
[Round "2"]
[White "Wolf, Elena"]
[Black "Vu Tran, Tue Anh"]
[Result "0-1"]
[WhiteElo "1146"]
[BlackElo "1493"]
[PlyCount "27"]
[EventDate "2022.04.10"]
[EventType "swiss"]
[EventRounds "6"]
[EventCountry "AUT"]
[SourceTitle "EXT 2023"]
[Source "ChessBase"]
[SourceDate "2022.10.05"]
[SourceVersion "1"]
[SourceVersionDate "2022.10.05"]
[SourceQuality "1"]

1. e4 c5 2. Nf3 d6 3. d4 cxd4 4. Nxd4 Nf6 5. Nc3 a6 6. Be3 e5 7. Nb3 Be7 8. Bc4 0-0 9. Qd2 Be6 10. Bxe6 fxe6 11. 0-0-0 Ng4 12. f3 Nxe3 13. Qxe3 Bg5 14. Qxg5 0-1

[Event "AUT-chT (Women) 2122"]
[Site "Austria"]
[Date "2022.03.26"]
[Round "6.4"]
[White "Wu, Min"]
[Black "Wolf, Elena"]
[Result "1-0"]
[WhiteElo "1945"]
[BlackElo "1147"]
[PlyCount "53"]
[EventDate "2021.11.06"]
[EventType "team-tourn"]
[EventRounds "9"]
[EventCountry "AUT"]
[SourceTitle "EXT 2023"]
[Source "ChessBase"]
[SourceDate "2022.10.05"]
[SourceVersion "1"]
[SourceVersionDate "2022.10.05"]
[SourceQuality "1"]
[WhiteTeam "Mayrhofen/Zillertal (W)"]
[BlackTeam "Dornbirn (W)"]
[WhiteTeamCountry "AUT"]
[BlackTeamCountry "AUT"]

1. e4 e5 2. Nf3 Nc6 3. Nc3 Nf6 4. d4 exd4 5. Nxd4 Bb4 6. Nxc6 bxc6 7. Bd3 d5 8. exd5 cxd5 9. 0-0 0-0 10. h3 Re8 11. Qf3 Be6 12. Bf4 c6 13. Ne2 Bd6 14. Rad1 Qd7 15. Nd4 Bxf4 16. Qxf4 Rab8 17. b3 Qb7 18. c3 Bd7 19. Rfe1 Qb6 20. Nf5 Kf8 21. Nxg7 Kxg7 22. Qg5+ Kf8 23. Qxf6 Be6 24. Bf5 c5 25. Bxe6 Rxe6 26. Rxe6 Qxe6 27. Qh8+ 1-0

[Event "AUT-ch U16 Girls"]
[Site "St Veit"]
[Date "2021.10.28"]
[Round "6.3"]
[White "Egger, Stefanie"]
[Black "Wolf, Elena"]
[Result "1-0"]
[WhiteElo "1627"]
[BlackElo "1164"]
[PlyCount "85"]
[EventDate "2021.10.25"]
[EventType "swiss"]
[EventRounds "7"]
[EventCountry "AUT"]
[SourceTitle "EXT 2023"]
[Source "ChessBase"]
[SourceDate "2022.10.05"]
[SourceVersion "1"]
[SourceVersionDate "2022.10.05"]
[SourceQuality "1"]

1. d4 d5 2. c4 e6 3. e3 Nf6 4. Nf3 Be7 5. Bd3 0-0 6. Nc3 b6 7. 0-0 Bb7 8. b3 c5 9. Bb2 Nbd7 10. Qe2 Rc8 11. Rac1 Qc7 12. Nb5 Qb8 13. Rfd1 Ne4 14. Nd2 f5 15. f3 Nxd2 16. Rxd2 Rf6 17. g3 Rh6 18. cxd5 Bxd5 19. Bc4 a6 20. Nc3 Bxc4 21. Qxc4 b5 22. Qe2 cxd4 23. Rxd4 b4 24. Rxd7 bxc3 25. Rxe7 cxb2 26. Rxc8+ Qxc8 27. Qxb2 Rf6 28. Qd2 Rf8 29. Qd7 Qxd7 30. Rxd7 Rc8 31. Rd2 Kf7 32. Kf2 Kf6 33. Ke2 Ke5 34. Kd3 Rd8+ 35. Kc3 Rxd2 36. Kxd2 Kd5 37. Kd3 g6 38. f4 a5 39. a3 h6 40. h3 g5 41. fxg5 hxg5 42. h4 gxh4 43. gxh4 1-0

[Event "AUT-ch U12 Girls"]
[Site "St Veit"]
[Date "2017.06.03"]
[Round "1.5"]
[White "Dodu, Crina Karina"]
[Black "Wolf, Elena"]
[Result "1-0"]
[WhiteElo "1293"]
[BlackElo "1219"]
[PlyCount "93"]
[EventDate "2017.06.03"]
[EventType "swiss"]
[EventRounds "7"]
[EventCountry "AUT"]
[SourceTitle "EXT 2024"]
[Source "ChessBase"]
[SourceDate "2023.10.10"]
[SourceVersion "1"]
[SourceVersionDate "2023.10.10"]
[SourceQuality "1"]

1. e4 e5 2. Nf3 Nc6 3. Bc4 Nf6 4. d3 Be7 5. Nc3 0-0 6. Be3 d6 7. Qd2 Bg4 8. h3 Bxf3 9. gxf3 Na5 10. Rg1 Kh8 11. Bh6 gxh6 12. Qxh6 Rg8 13. 0-0-0 Rg6 14. Qh4 Qg8 15. Rxg6 Qxg6 16. Ne2 Nxc4 17. dxc4 Rg8 18. Rg1 Qh5 19. Rxg8+ Kxg8 20. Qg3+ Kh8 21. Nc3 Qh6+ 22. Kb1 Qd2 23. a3 Qe1+ 24. Ka2 Nd7 25. Nb5 Nf8 26. Nxc7 Ng6 27. Nd5 Bd8 28. Ne3 Kg8 29. h4 Kf8 30. Nf5 Qc1 31. h5 Nh8 32. Qg7+ Ke8 33. Qxh8+ Kd7 34. Qf8 Bf6 35. Qxf7+ Kc6 36. Qxf6 Kc5 37. Qxd6+ Kxc4 38. Ne3+ Kb5 39. Qxe5+ Kc6 40. Qd5+ Kb6 41. Nc4+ Kc7 42. Qd6+ Kc8 43. Ne3 b6 44. e5 Kb7 45. e6 Ka6 46. e7 Kb7 47. e8Q 1-0

[Event "AUT-ch U10 Girls"]
[Site "St Veit"]
[Date "2016.05.29"]
[Round "7.4"]
[White "Kelaptrishvili, Elene"]
[Black "Wolf, Elena"]
[Result "1-0"]
[WhiteElo "1211"]
[BlackElo "800"]
[PlyCount "49"]
[EventDate "2016.05.27"]
[EventType "swiss"]
[EventRounds "7"]
[EventCountry "AUT"]
[SourceTitle "EXT 2024"]
[Source "ChessBase"]
[SourceDate "2023.10.10"]
[SourceVersion "1"]
[SourceVersionDate "2023.10.10"]
[SourceQuality "1"]

1. e4 e5 2. Nf3 Nc6 3. c3 Nf6 4. d4 Nxe4 5. Bd3 d5 6. dxe5 Bc5 7. Bxe4 dxe4 8. Qxd8+ Nxd8 9. Nfd2 e3 10. Ne4 exf2+ 11. Nxf2 0-0 12. 0-0 Bf5 13. b4 Bb6 14. c4 Bd4 15. h3 Bxa1 16. g4 Bxb1 17. Bg5 Bxa2 18. Rxa1 Bxc4 19. Rc1 Bb5 20. Rxc7 a5 21. bxa5 Rxa5 22. Bxd8 Rxd8 23. Rxb7 Rd5 24. Rb8+ Be8 25. Rxe8# 1-0

[Event "AUT-ch U12 Girls"]
[Site "St Veit"]
[Date "2016.05.17"]
[Round "7"]
[White "Busta, Emilia"]
[Black "Wolf, Elena"]
[Result "1-0"]
[WhiteElo "872"]
[BlackElo "800"]
[PlyCount "91"]
[EventDate "2016.05.14"]
[EventType "swiss"]
[EventRounds "7"]
[EventCountry "AUT"]
[SourceTitle "CBM 172 Extra"]
[Source "ChessBase"]
[SourceDate "2016.06.21"]
[SourceVersion "1"]
[SourceVersionDate "2016.06.21"]
[SourceQuality "1"]

1. e4 e5 2. Nf3 Nc6 3. Bc4 Nf6 4. d3 Bb4+ 5. Nc3 0-0 6. 0-0 h6 7. Be3 d6 8. h3 Bd7 9. Nd5 Nxd5 10. Bxd5 Be6 11. a3 Ba5 12. Bxe6 fxe6 13. Nd2 d5 14. Nb3 Bb6 15. Nc5 Rb8 16. Nxe6 Qe8 17. Nxf8 Qxf8 18. exd5 Ne7 19. Bxb6 axb6 20. c4 Ra8 21. Qh5 c6 22. Qxe5 Rd8 23. d6 Nf5 24. Qe6+ Kh8 25. d7 b5 26. Rfe1 bxc4 27. Qe8 Rxe8 28. dxe8Q Qxe8 29. Rxe8+ Kh7 30. dxc4 b5 31. cxb5 cxb5 32. a4 bxa4 33. Rxa4 Nd6 34. Rd8 Nb7 35. Rda8 Nc5 36. R4a5 Nd3 37. b4 Nxb4 38. f4 Nc6 39. Rc5 Ne7 40. f5 h5 41. g4 hxg4 42. hxg4 g6 43. f6 Ng8 44. f7 Nf6 45. f8Q Ne4 46. Qh8# 1-0